[Event "Gibraltar Masters 17th"]
[Site "Caleta"]
[Date "2019.01.27"]
[Round "6"]
[White "Lochte, Szilvia"]
[Black "Heinemann, Josefine"]
[Result "1/2-1/2"]
[WhiteElo "1868"]
[BlackElo "2304"]
[PlyCount "90"]
[EventDate "2019.01.22"]
[EventType "swiss"]
[EventRounds "10"]
[EventCountry "GGB"]
[SourceTitle "CBM 188 Extra"]
[Source "ChessBase"]
[SourceDate "2019.02.26"]
[SourceVersion "1"]
[SourceVersionDate "2019.02.26"]
[SourceQuality "1"]

1. c4 c5 2. g3 Nf6 3. Bg2 d5 4. cxd5 Nxd5 5. Nc3 Nc7 6. Nf3 Nc6 7. 0-0 e5 8. d3 Be7 9. b3 0-0 10. Bb2 Be6 11. Rc1 f6 12. e3 Na6 13. Qe2 Qd7 14. Rfd1 Bg4 15. Qf1 Rfd8 16. h3 Bf5 17. e4 Be6 18. Rd2 Bf8 19. Kh2 Rac8 20. Ba1 Nab4 21. Rcd1 Qf7 22. Qe2 Rc7 23. Bf1 g6 24. Qe3 Nd4 25. Ne1 h5 26. Ne2 Kh7 27. f4 Bh6 28. Nxd4 cxd4 29. Qf2 Rdc8 30. a3 Nc6 31. b4 h4 32. Ng2 hxg3+ 33. Qxg3 Ne7 34. Rf2 Qg7 35. Be2 Rc2 36. Rdf1 R8c7 37. Bg4 Bg8 38. Kg1 a6 39. Qf3 f5 40. Rxc2 fxg4 41. Qf2 Rxc2 42. Qxc2 gxh3 43. Ne1 Bxf4 44. Bxd4 g5 45. Bc3 g4 1/2-1/2

[Event "London Classic op 10th"]
[Site "London"]
[Date "2018.12.15"]
[Round "7"]
[White "Lochte, Szilvia"]
[Black "Chilton, James I"]
[Result "1/2-1/2"]
[WhiteElo "1843"]
[BlackElo "1738"]
[PlyCount "129"]
[EventDate "2018.12.09"]
[EventType "swiss"]
[EventRounds "9"]
[EventCountry "ENG"]
[SourceTitle "CBM 187 Extra"]
[Source "ChessBase"]
[SourceDate "2018.11.04"]
[SourceVersion "1"]
[SourceVersionDate "2018.11.04"]
[SourceQuality "1"]

1. c4 e5 2. g3 Nf6 3. Bg2 Bc5 4. Nc3 0-0 5. e3 Re8 6. Nge2 c6 7. d4 exd4 8. exd4 Bb6 9. 0-0 d6 10. h3 Bf5 11. Be3 Qc8 12. Kh2 Nbd7 13. Rc1 a6 14. Nf4 Nf8 15. Qb3 Bc7 16. Rfe1 g5 17. Nfe2 g4 18. h4 Ng6 19. Bg5 Nh5 20. Ng1 Bd7 21. Ne4 Kg7 22. Qc3 f6 23. Bd2 f5 24. d5+ Ne5 25. Qe3 f4 26. gxf4 g3+ 27. Kh1 gxf2 28. fxe5 fxe1Q 29. Qh6+ Kh8 30. Rxe1 Bg4 31. e6 Ng7 32. Nf6 Bf5 33. Bc3 Re7 34. Rf1 Bg6 35. Nh3 Qd8 36. Ng5 Ba5 37. Nf7+ Rxf7 38. exf7 Bxc3 39. bxc3 Qe7 40. Ne8 Rxe8 41. fxe8Q+ Qxe8 42. Qf4 Nf5 43. h5 Qe3 44. hxg6 Ng3+ 45. Kh2 Nxf1+ 46. Qxf1 Qe5+ 47. Kg1 hxg6 48. Qc1 g5 49. Qd2 c5 50. Kf2 Kg7 51. Qe3 Qf6+ 52. Ke2 g4 53. Be4 Qe5 54. Kd3 b6 55. Qf2 g3 56. Qf3 a5 57. Qg4+ Kf6 58. Qg8 Ke7 59. Qh7+ Kd8 60. Bf5 Ke8 61. Be6 Qf4 62. Qg6+ Kf8 63. Qg8+ Ke7 64. Qh7+ Kf8 65. Qg8+ 1/2-1/2

[Event "Gibraltar Amateur op-B"]
[Site "Caleta"]
[Date "2018.01.31"]
[Round "5"]
[White "Lochte, Szilvia"]
[Black "Lohia, Sohum"]
[Result "1-0"]
[WhiteElo "1862"]
[BlackElo "1460"]
[PlyCount "37"]
[EventDate "2018.01.27"]
[EventType "swiss"]
[EventRounds "5"]
[EventCountry "GGB"]
[SourceTitle "EXT 2019"]
[Source "ChessBase"]
[SourceDate "2018.10.10"]
[SourceVersion "1"]
[SourceVersionDate "2018.10.10"]
[SourceQuality "1"]

1. d4 d5 2. Bf4 Nf6 3. e3 c5 4. c3 Nc6 5. Nd2 e6 6. Ngf3 cxd4 7. exd4 Nh5 8. Be3 Bd6 9. Ne5 Bxe5 10. dxe5 g6 11. Nf3 0-0 12. g4 Ng7 13. Bg5 Qc7 14. Bf6 Ne8 15. Qd2 Nxf6 16. exf6 Ne5 17. Qh6 Nxf3+ 18. Kd1 Qe5 19. Qg7# 1-0

[Event "Gibraltar Masters 16th"]
[Site "Caleta"]
[Date "2018.01.26"]
[Round "4"]
[White "Bryant, Richard BE"]
[Black "Lochte, Szilvia"]
[Result "1-0"]
[WhiteElo "2016"]
[BlackElo "1862"]
[PlyCount "97"]
[EventDate "2018.01.23"]
[EventType "swiss"]
[EventRounds "10"]
[EventCountry "GGB"]
[SourceTitle "CBM 183"]
[Source "ChessBase"]
[SourceDate "2018.03.14"]
[SourceVersion "1"]
[SourceVersionDate "2018.03.14"]
[SourceQuality "1"]

1. e4 c5 2. Nc3 a6 3. g3 e6 4. Bg2 Nc6 5. f4 Nge7 6. Nf3 d5 7. d3 g6 8. 0-0 Bg7 9. e5 Nf5 10. Ne2 h5 11. h3 b5 12. c3 Qb6 13. d4 cxd4 14. Nfxd4 Bd7 15. Rf3 Bf8 16. Rd3 Rc8 17. Bd2 Bc5 18. Be1 b4 19. Kh2 Nfxd4 20. cxd4 Be7 21. a3 0-0 22. Bf1 Rc7 23. a4 Rfc8 24. b3 Na5 25. Ra2 Kg7 26. Bd2 Bc6 27. Bc1 Bb7 28. Be3 Nc6 29. Rdd2 Na5 30. Rd3 Rc6 31. Kg1 R6c7 32. g4 hxg4 33. hxg4 Rh8 34. f5 exf5 35. gxf5 gxf5 36. Nf4 Kf8 37. Rg2 Rc3 38. e6 Bd6 39. exf7 Bxf4 40. Bxf4 Qe6 41. Rxc3 bxc3 42. Qc1 Qb6 43. Be5 Rh7 44. Qg5 Rxf7 45. Qg8+ Ke7 46. Re2 c2 47. Bf4+ Qe6 48. Bg5+ Kd6 49. Qb8+ 1-0

[Event "Gibraltar Masters 16th"]
[Site "Caleta"]
[Date "2018.01.23"]
[Round "1"]
[White "Lochte, Szilvia"]
[Black "Hoolt, Sarah"]
[Result "0-1"]
[WhiteElo "1862"]
[BlackElo "2400"]
[PlyCount "66"]
[EventDate "2018.01.23"]
[EventType "swiss"]
[EventRounds "10"]
[EventCountry "GGB"]
[SourceTitle "CBM 183"]
[Source "ChessBase"]
[SourceDate "2018.03.14"]
[SourceVersion "1"]
[SourceVersionDate "2018.03.14"]
[SourceQuality "1"]

1. d4 f5 2. Bg5 g6 3. Nf3 Bg7 4. e3 Nf6 5. Nbd2 d5 6. Ne5 Nbd7 7. Ndf3 c6 8. Bd3 Qb6 9. Rb1 Qa5+ 10. Qd2 Qxd2+ 11. Nxd2 Nxe5 12. dxe5 Ng4 13. Nf3 Nxe5 14. Nxe5 Bxe5 15. c3 Bd6 16. f3 e5 17. Bc2 0-0 18. Rd1 Be6 19. Bb3 Bc5 20. Ke2 Kg7 21. Bh4 Rae8 22. Rhe1 Bc8 23. Kf1 h6 24. Bf2 g5 25. c4 dxc4 26. Bxc4 Bb4 27. Re2 Rd8 28. Bb3 Rxd1+ 29. Bxd1 Rd8 30. Bc2 b6 31. a3 Bd2 32. Be1 Ba6 33. Bxd2 Rxd2 0-1

[Event "Hastings Masters op 93rd"]
[Site "Hastings"]
[Date "2018.01.04"]
[Round "8"]
[White "Lochte, Szilvia"]
[Black "Stanisz, Patryk"]
[Result "0-1"]
[WhiteElo "1850"]
[BlackElo "2150"]
[PlyCount "78"]
[EventDate "2017.12.28"]
[EventType "swiss"]
[EventRounds "9"]
[EventCountry "ENG"]
[SourceTitle "CBM 182 Extra"]
[Source "ChessBase"]
[SourceDate "2018.02.23"]
[SourceVersion "1"]
[SourceVersionDate "2018.02.23"]
[SourceQuality "1"]

1. d4 d5 2. Bf4 Nf6 3. e3 c5 4. c3 e6 5. Nd2 Nc6 6. Ngf3 cxd4 7. exd4 Nh5 8. Be3 Bd6 9. Ne5 g6 10. Be2 Ng7 11. f4 Nf5 12. Bf2 f6 13. Nd3 Qc7 14. g3 b6 15. Nf3 Bd7 16. Qd2 Na5 17. 0-0 Be7 18. Qc2 Nc4 19. Rfe1 Nfd6 20. Nd2 Nxd2 21. Qxd2 Ne4 22. Qc2 h5 23. Be3 h4 24. g4 Bd6 25. Bf3 0-0-0 26. c4 g5 27. fxg5 fxg5 28. Ne5 Bxe5 29. dxe5 Kb8 30. Bxe4 dxe4 31. Qxe4 Bc6 32. Qc2 Bb7 33. Qa4 Bc6 34. Qb4 Ba8 35. Bf2 Qc6 36. Kf1 Qg2+ 37. Ke2 Qf3+ 38. Kf1 Qh3+ 39. Ke2 Qd3# 0-1

[Event "London Classic op"]
[Site "London"]
[Date "2017.12.05"]
[Round "5"]
[White "Lochte, Szilvia"]
[Black "Thatte, Nishchal"]
[Result "1-0"]
[WhiteElo "1850"]
[BlackElo "1617"]
[PlyCount "127"]
[EventDate "2017.12.02"]
[EventType "swiss"]
[EventRounds "9"]
[EventCountry "ENG"]
[SourceTitle "CBM 182 Extra"]
[Source "ChessBase"]
[SourceDate "2018.02.23"]
[SourceVersion "1"]
[SourceVersionDate "2018.02.23"]
[SourceQuality "1"]

1. d4 d5 2. Bf4 c5 3. e3 Nf6 4. c3 Nc6 5. Nd2 Bf5 6. Qb3 Qb6 7. dxc5 Qxc5 8. Qxb7 Rc8 9. Nb3 Qb6 10. Qxb6 axb6 11. Ba6 Rd8 12. Bc7 Rd7 13. Bxb6 Rd6 14. Bc5 Rd8 15. Bb5 Bd7 16. Nf3 e6 17. Bxf8 Rxf8 18. Nc5 Rc8 19. a4 Ne5 20. Nxd7 Nexd7 21. 0-0 Ke7 22. Rfc1 Nc5 23. Rd1 Ra8 24. Ne5 Kd6 25. Nd3 Nb7 26. f3 Ra7 27. e4 dxe4 28. fxe4 Nxe4 29. Nf2+ Ke5 30. Nxe4 Kxe4 31. Bc6+ Ke5 32. Rd7 Rb8 33. Re1+ Kf6 34. Rf1+ Kg6 35. Rfxf7 Kh6 36. Rxg7 Ra6 37. Rxh7+ Kg6 38. Be4+ Kf6 39. Rxb7 Rb6 40. Rxb8 Rxb8 41. b4 Rc8 42. Rh3 Ke5 43. Bc2 Rd8 44. Re3+ Kf6 45. Rd3 Rc8 46. a5 Ra8 47. c4 Rc8 48. Bb3 Ke5 49. b5 Ra8 50. a6 Ke4 51. Rd7 Rf8 52. a7 Ke3 53. b6 Ke2 54. h3 Rf1+ 55. Kh2 Ra1 56. Rd8 e5 57. a8Q Rxa8 58. Rxa8 e4 59. b7 Kf2 60. b8Q e3 61. Qg3+ Kf1 62. Ra2 e2 63. Ra1+ e1Q 64. Qf3# 1-0

[Event "Gibraltar Amateur op-B"]
[Site "Caleta"]
[Date "2017.02.01"]
[Round "5"]
[White "Diaz Gallego, Saul"]
[Black "Lochte, Szilvia"]
[Result "1/2-1/2"]
[WhiteElo "1700"]
[BlackElo "1829"]
[PlyCount "73"]
[EventDate "2017.01.28"]
[EventType "swiss"]
[EventRounds "5"]
[EventCountry "GGB"]
[SourceTitle "EXT 2018"]
[Source "ChessBase"]
[SourceDate "2017.10.13"]
[SourceVersion "1"]
[SourceVersionDate "2017.10.13"]
[SourceQuality "1"]

1. d4 Nf6 2. c4 e6 3. Nc3 Bb4 4. Bd2 b6 5. a3 Be7 6. e3 Bb7 7. Nf3 c5 8. Be2 d6 9. Qc2 Nbd7 10. h3 a6 11. 0-0 0-0 12. Ne1 Rc8 13. b3 d5 14. Bf3 cxd4 15. exd4 e5 16. dxe5 Nxe5 17. Qf5 Nxf3+ 18. Qxf3 dxc4 19. Qxb7 Qxd2 20. Qxe7 Qxc3 21. Rb1 cxb3 22. Qb4 Nd5 23. Qxb3 Qxb3 24. Rxb3 Rc6 25. Nf3 Rfc8 26. Rd1 Nc3 27. Rd7 Ne4 28. Re3 f5 29. Nd4 Rc1+ 30. Kh2 Rd1 31. f3 Nf6 32. Rd6 f4 33. Re7 h6 34. Rxg7+ Kxg7 35. Nf5+ Kg6 36. Ne7+ Kf7 37. Nxc8 1/2-1/2

[Event "Gibraltar Masters 15th"]
[Site "Caleta"]
[Date "2017.01.29"]
[Round "6"]
[White "Lochte, Szilvia"]
[Black "Bendayan Claros, Aaron Arturo"]
[Result "0-1"]
[WhiteElo "1829"]
[BlackElo "2128"]
[PlyCount "64"]
[EventDate "2017.01.24"]
[EventType "swiss"]
[EventRounds "10"]
[EventCountry "GGB"]
[SourceTitle "CBM 177"]
[Source "ChessBase"]
[SourceDate "2017.03.16"]
[SourceVersion "1"]
[SourceVersionDate "2017.03.16"]
[SourceQuality "1"]

1. d4 Nf6 2. Bf4 d5 3. e3 c5 4. c3 Nc6 5. Nd2 cxd4 6. exd4 g6 7. Ngf3 Bg7 8. Bd3 0-0 9. Ne5 Nh5 10. Nxc6 bxc6 11. Be3 Qd6 12. Be2 Nf4 13. Bxf4 Qxf4 14. Nf3 Bf5 15. 0-0 Rab8 16. b3 f6 17. c4 Qd6 18. Nh4 Bd7 19. f4 e5 20. dxe5 fxe5 21. cxd5 cxd5 22. fxe5 Bxe5 23. Rc1 Bxh2+ 24. Kh1 Be6 25. Qd3 Kg7 26. Qd4+ Kh6 27. Nf3 Bf4 28. Rc3 Rf7 29. Nh2 Rb4 30. Qg1 Qe5 31. Rc2 Be3 32. Nf3 Rxf3 0-1

[Event "Gibraltar Masters 15th"]
[Site "Caleta"]
[Date "2017.01.28"]
[Round "5"]
[White "Lochte, Thomas"]
[Black "Lochte, Szilvia"]
[Result "1-0"]
[WhiteElo "2070"]
[BlackElo "1829"]
[PlyCount "31"]
[EventDate "2017.01.24"]
[EventType "swiss"]
[EventRounds "10"]
[EventCountry "GGB"]
[SourceTitle "CBM 177"]
[Source "ChessBase"]
[SourceDate "2017.03.16"]
[SourceVersion "1"]
[SourceVersionDate "2017.03.16"]
[SourceQuality "1"]

1. e4 c5 2. d4 cxd4 3. c3 d5 4. exd5 Qxd5 5. cxd4 e5 6. Nf3 exd4 7. Qxd4 Nf6 8. Nc3 Qe6+ 9. Be3 Nc6 10. Bb5 Bd7 11. Bxc6 Bxc6 12. 0-0-0 Be7 13. Bg5 0-0 14. Rhe1 Qf5 15. Rxe7 Bxf3 16. Re5 1-0

[Event "Gibraltar Amateur op-A"]
[Site "Caleta"]
[Date "2017.01.26"]
[Round "4"]
[White "Lochte, Szilvia"]
[Black "Hunt, Caro"]
[Result "1-0"]
[WhiteElo "1829"]
[BlackElo "1631"]
[PlyCount "35"]
[EventDate "2017.01.23"]
[EventType "swiss"]
[EventRounds "5"]
[EventCountry "GGB"]
[SourceTitle "CBM 176 Extra"]
[Source "ChessBase"]
[SourceDate "2017.03.02"]
[SourceVersion "1"]
[SourceVersionDate "2017.03.02"]
[SourceQuality "1"]

1. d4 f5 2. Bf4 Nf6 3. Nf3 e6 4. e3 Be7 5. h3 0-0 6. Bd3 b6 7. Nbd2 Bb7 8. Qe2 Nd5 9. 0-0 Nxf4 10. exf4 c5 11. Rfe1 Na6 12. Bxa6 Bc6 13. Ne5 Rf6 14. Nxc6 dxc6 15. dxc5 Bxc5 16. Nb3 Bd6 17. Nd4 Qd7 18. Bc4 1-0

[Event "Gibraltar Masters 15th"]
[Site "Caleta"]
[Date "2017.01.24"]
[Round "1"]
[White "Godart, Francois"]
[Black "Lochte, Szilvia"]
[Result "1-0"]
[WhiteElo "2381"]
[BlackElo "1829"]
[PlyCount "65"]
[EventDate "2017.01.24"]
[EventType "swiss"]
[EventRounds "10"]
[EventCountry "GGB"]
[SourceTitle "CBM 177"]
[Source "ChessBase"]
[SourceDate "2017.03.16"]
[SourceVersion "1"]
[SourceVersionDate "2017.03.16"]
[SourceQuality "1"]

1. d4 d5 2. Nf3 Nf6 3. e3 Bf5 4. c4 c6 5. Nc3 e6 6. Nh4 Bg6 7. Nxg6 hxg6 8. Qb3 Qc7 9. g3 Nbd7 10. Bg2 Be7 11. 0-0 0-0 12. cxd5 exd5 13. f3 Qb6 14. Rd1 Rfe8 15. e4 dxe4 16. fxe4 Rad8 17. Bf4 Bb4 18. Na4 Qa5 19. a3 Bf8 20. Nc3 Nb6 21. Qc2 Qh5 22. b4 g5 23. Bc1 Nc4 24. h3 a6 25. e5 Nd5 26. Nxd5 cxd5 27. g4 Qh6 28. Qf5 Qb6 29. Kh1 f6 30. exf6 Nd6 31. Bxd5+ Kh8 32. Qxg5 gxf6 33. Qg8# 1-0